00876nam a22002177a 4500003000500000005001700005008004100022010001100063011001100074035001100085040000900096100002400105245020900129260004000338500006000378502007600438650002400514650002700538650002900565856006400594CHAP20220329143841.0120123s2011 mx r 00010 spa d a102767 a103739 a114428 cCHAP1 aRamos Rosete, Jorge10aRentabilidad del cultivo de limón Persa (Citrus latifilia Tan.) manejado bajo el sistema de producción con enfoque orgánico, en San Pedro, Tlapacoyan, Veracruzh[En línea]c/por Jorge Ramos Rosete aChapingo, Méx. :bEl autor,c2011 aPara ver el contenido del material haga clic en la liga aTesis (Ing. Agr. Esp. en Fitotecnia -- UACH. Departamento de Fitotecnia14aAbonos orgánicos.14aCultivosxRendimiento.14aLimón persazVeracruz. 3Finding aiduhttp://10.13.5.2/tesis/114428.pdfzTeclea aqui